Himalájsky triptych Peter Hámor sa po zdolaní Čo Oju a Annapurny chystá na poslednú osemtisícovku, na ktorej ešte nikdy nestál slovenský horolezec

Bibliographic Details
Main Author: Sedlák, Juraj (Author)
Format: Article
Language:Slovak
PhysicalDescription:Obr.
ISSN:1210-2040
Subjects:

MARC

LEADER 00000nab a2200000 a 4500
001 vtls008771429
003 SK-MaSNL
005 20260303071442.0
008 060608 2006 xo r r 000 0 slo
015 |a SNBRB2006/06  |2 kevkjb 
038 |a KEVKJB 
040 |a KEVKJB  |b slo  |c KEVKJB  |e AACR2 
041 0 |a slo 
044 |a xo  |c SK 
080 |a 796.524  |2 2001 
080 |a 929 Hámor, Peter  |2 2001 
100 1 |a Sedlák, Juraj  |4 aut  |9 767029 
245 1 0 |a Himalájsky triptych  |b Peter Hámor sa po zdolaní Čo Oju a Annapurny chystá na poslednú osemtisícovku, na ktorej ešte nikdy nestál slovenský horolezec  |c Juraj Sedlák 
300 |b Obr. 
600 1 7 |a Hámor, Peter,  |d 1964-   |2 kevkjb  |9 105969 
650 0 7 |a horolezectvo  |2 kevkjb  |9 1050 
773 0 |t Plus 7 dní  |g Roč. XVI, č. 24 (2006), s. 111-115  |x 1210-2040 
852 |a KEVKJB  |b KIS3GCP 
958 |a BX 
999 |c 1759978  |d 1761908